Los hombres de la historia. tomo x-1 /

Guardado en:
Formato: Libro
Publicado: Buenos Aires : C.e.a.l., 1969
Materias:
Etiquetas: Agregar Etiqueta
Sin Etiquetas, Sea el primero en etiquetar este registro!
LEADER 00477nam a22001575a 4500
001 EHU.bham012321
003 AR-BHAM
005 20071128182556.0
008 130507s1969##################000#0#####d
082 9 2 |a 920 
245 0 0 |a Los hombres de la historia. tomo x-1 / 
260 |a Buenos Aires :  |b C.e.a.l.,  |c 1969 
300 |a 167 p. 
505 0 |a El siglo XIX : las revoluciones nacionales, I 
653 |a Biografias 
859 |a AR-BHAM  |b BIB. HUMANIDADES - General  |h 920  |i H751  |p 633.74  |t Ej.1  |v X-1  |3 X-1